| 000 -LEADER |
| fixed length control field |
00996pab a2200169 454500 |
| 008 - FIXED-LENGTH DATA ELEMENTS--GENERAL INFORMATION |
| fixed length control field |
180718b1998 xxu||||| |||| 00| 0 eng d |
| 100 ## - MAIN ENTRY--PERSONAL NAME |
| Personal name |
Zoreda-Lozano, Juan J. |
| 245 ## - TITLE STATEMENT |
| Title |
Critical issues in urban technologies for sustainable development: the case of water infrastructure in Mexico city |
| 260 ## - PUBLICATION, DISTRIBUTION, ETC. |
| Date of publication, distribution, etc. |
1998 |
| 300 ## - PHYSICAL DESCRIPTION |
| Extent |
p.157-69 |
| 362 ## - DATES OF PUBLICATION AND/OR SEQUENTIAL DESIGNATION |
| Dates of publication and/or sequential designation |
Summer |
| 520 ## - SUMMARY, ETC. |
| Summary, etc. |
This paper presents a general approach to the structural links between urban technologies for water use and sustainable development in Mexico city. These links belong to the public domain and are sufficiently generalizable so as to be expanded and modified to suit other technologies in similar contexts. They offer a convenient backdrop against which to meaningfully address critical technological issues that affect the performance of urban settlements as well as their biophysical environments. - Reproduced |
| 650 ## - SUBJECT ADDED ENTRY--TOPICAL TERM |
| Topical term or geographic name entry element |
Water supply |
| 700 ## - ADDED ENTRY--PERSONAL NAME |
| Personal name |
Castaneda, Victor |
| 773 ## - HOST ITEM ENTRY |
| Main entry heading |
Policy Studies Review |
| 909 ## - |
| -- |
38285 |